[Event "Aberto do Brasil CONTAUD 2022"]
[Site "Cuiaba - MT - Brasil"]
[Date "2022.10.28"]
[Round "6"]
[Board "30"]
[White "Oliveira, Olavo Tadeu Carvalho"]
[Black "Colombo, Sahimon Jonathan"]
[Result "0-1"]
[WhiteElo "1440"]
[BlackElo "1800"]
[PlyCount "100"]
[EventDate "2022.10.25"]
[EventRounds "9"]
[EventCountry "BRA"]

1. d4 d5 2. c4 e6 3. Nc3 Nf6 4. cxd5 exd5 5. Bg5 Be6 6. e3 Bb4 7. Bd3 O-O 8. Nge2
Nbd7 9. O-O c6 10. Qc2 Qc7 11. a3 Bd6 12. Bf4 Rac8 13. Rac1 Bxf4 14. Nxf4 Qd6 15.
b4 b6 16. Rfd1 Rfe8 17. Qb1 Nf8 18. Qb3 Ng6 19. Nxe6 fxe6 20. Bxg6 hxg6 21. Ne2 Ng4
22. Ng3 Rf8 23. Rf1 Kh7 24. h3 Nxf2 25. Rxf2 Rxf2 26. Kxf2 Rf8+ 27. Kg1 Qxg3 28.
Rf1 Rxf1+ 29. Kxf1 Qd6 30. Qc3 Qc7 31. Kg1 a6 32. Kf1 a5 33. bxa5 bxa5 34. Kg1 Qb7
35. Kh1 a4 36. Qc1 Qb5 37. Kg1 Kg8 38. Kh1 Qc4 39. Qb1 Kh7 40. Qe1 g5 41. h4 g4 42.
Kh2 Qd3 43. Kg3 Qxa3 44. Qb1+ g6 45. Kf4 Qb3 46. Qc1 Qd3 47. Kxg4 a3 48. Qxc6 Qe4+
49. Kg3 Qxe3+ 50. Kh2 Qf4+  0-1

[Event "Aberto do Brasil CONTAUD 2022"]
[Site "Cuiaba - MT - Brasil"]
[Date "2022.10.28"]
[Round "6"]
[Board "31"]
[White "Matsunaga, Lange Cristina"]
[Black "Da Silva, Debora Oliveira Lopes"]
[Result "1-0"]
[WhiteElo "1475"]
[BlackElo "1332"]
[PlyCount "67"]
[EventDate "2022.10.25"]
[EventRounds "9"]
[EventCountry "BRA"]

1. e4 c5 2. Nf3 d6 3. d4 cxd4 4. Nxd4 Nf6 5. Nc3 a6 6. h3 b5 7. a3 Bb7 8. Bd3 e6
9. Qe2 Nbd7 10. Nf3 Qc7 11. O-O Be7 12. Nd4 d5 13. exd5 Nxd5 14. Nxd5 Bxd5 15. Be4
Bxe4 16. Qxe4 O-O 17. Re1 Bf6 18. c3 Rac8 19. Nf3 Nc5 20. Qg4 Nd3 21. Re4 Bxc3 22.
bxc3 f5 23. Qh4 fxe4 24. Ng5 h6 25. Nxe6 Qf7 26. Nxf8 Qxf8 27. Be3 Rxc3 28. Qxe4
a5 29. Rd1 Nb4 30. Qe6+ Kh8 31. Bc5 Qxc5 32. Rd8+ Kh7 33. Qe4+ g6 34. Qb7+  1-0

[Event "Aberto do Brasil CONTAUD 2022"]
[Site "Cuiaba - MT - Brasil"]
[Date "2022.10.28"]
[Round "6"]
[Board "32"]
[White "Ferreira E Silva, Afranio Marcio"]
[Black "De Souza, Eliel Martins"]
[Result "0-1"]
[WhiteElo "1359"]
[BlackElo "1382"]
[PlyCount "60"]
[EventDate "2022.10.25"]
[EventRounds "9"]
[EventCountry "BRA"]

1. e4 e5 2. Nf3 Nc6 3. Nc3 Be7 4. Bc4 Nf6 5. Ng5 O-O 6. d3 d5 7. Nxf7 Rxf7 8. Nxd5
Be6 9. Nxc7 Bxc4 10. Nxa8 Ba6 11. c3 Qxa8 12. Rb1 b6 13. b4 Bb7 14. b5 Nd8 15. h3
Bxe4 16. dxe4 Qxe4+ 17. Be3 Qxg2 18. Ke2 Ne4 19. Kd3 Nxf2+ 20. Bxf2 Rxf2 21. Kc4
Rd2 22. Qxd2 Qxd2 23. a4 Qa2+ 24. Kd3 Qxa4 25. c4 Qa3+ 26. Ke4 Qc5 27. Rbc1 Qd4+
28. Kf3 e4+ 29. Kg4 e3+ 30. Kf5 g6#  0-1

[Event "Aberto do Brasil CONTAUD 2022"]
[Site "Cuiaba - MT - Brasil"]
[Date "2022.10.28"]
[Round "6"]
[Board "33"]
[White "Born, Ary"]
[Black "Viana, Paulo Vitor Monteiro"]
[Result "0-1"]
[WhiteElo "1248"]
[BlackElo "1371"]
[PlyCount "60"]
[EventDate "2022.10.25"]
[EventRounds "9"]
[EventCountry "BRA"]

1. e4 e5 2. Nf3 Nc6 3. c3 Nf6 4. d4 exd4 5. e5 Ng8 6. cxd4 d5 7. Bb5 Bb4+ 8. Nc3
Bd7 9. O-O Bxc3 10. bxc3 Nge7 11. Bg5 O-O 12. Qd2 Nxe5 13. Bxd7 Nxf3+ 14. gxf3 Qxd7
15. Bxe7 Qxe7 16. Rae1 Qa3 17. Re5 c6 18. Rfe1 Rad8 19. R1e2 c5 20. Re7 cxd4 21.
Qxd4 b6 22. h4 Rc8 23. Qxd5 Qxc3 24. Rxa7 Qf6 25. Qe4 Rc1+ 26. Kg2 Qa1 27. f4 Rg1+
28. Kf3 Qc3+ 29. Re3 Qc5 30. Ra8 Qh5#  0-1

[Event "Aberto do Brasil CONTAUD 2022"]
[Site "Cuiaba - MT - Brasil"]
[Date "2022.10.28"]
[Round "6"]
[Board "34"]
[White "De Almeida, Daniel Costa"]
[Black "Bashtavenko, Aleksey"]
[Result "0-1"]
[WhiteElo "1800"]
[BlackElo "1614"]
[PlyCount "21"]
[EventDate "2022.10.25"]
[EventRounds "9"]
[EventCountry "BRA"]

1. d4 Nf6 2. c4 g6 3. Nc3 Bg7 4. Bf4 d6 5. Nf3 O-O 6. e3 Nbd7 7. h3 h6 8. Bd3 Kh7
9. O-O c5 10. Re1 Nh5 11. Bh2  0-1